Maldito tú eres: el caso Von Wernich. Iglesia y represión ilegal
Uloženo v:
| Hlavní autor: | |
|---|---|
| Médium: | Kniha |
| Jazyk: | španělština |
| Vydáno: |
Buenos Aires
Marea
2003
|
| Vydání: | 1a. ed |
| Edice: | Colección Historia Urgente, 1
|
| Témata: | |
| Tagy: |
Přidat tag
Žádné tagy, Buďte první, kdo vytvoří štítek k tomuto záznamu!
|
MARC
| LEADER | 00000cam a2200000 a 4500 | ||
|---|---|---|---|
| 001 | UCC6414 | ||
| 003 | CL-VaPUC | ||
| 008 | 181207e20030000ag |||||||||||||||||spa|d | ||
| 020 | |a 9782110905 | ||
| 082 | 0 | 4 | |a 323 |b BRI |2 21 |
| 100 | 0 | |a Brienza, Hernán |e author |9 600854 | |
| 245 | 1 | 0 | |a Maldito tú eres: el caso Von Wernich. Iglesia y represión ilegal |
| 250 | |a 1a. ed | ||
| 300 | |a 333 p | ||
| 942 | |c BK | ||
| 945 | |d 20181207 13:37:00 |a dcastane | ||
| 260 | |a Buenos Aires |b Marea |c 2003 | ||
| 650 | 0 | |a Derechos humanos |9 223025 | |
| 650 | 7 | |a TORTURAS |2 CL-VaPUC |9 384012 | |
| 650 | 7 | |a REPRESION |2 CL-VaPUC |9 358182 | |
| 650 | 0 | |a Represión política |9 479457 | |
| 583 | |a last modification |c 20181207 13:37:00 |k Rodrigo Vera | ||
| 490 | 0 | |a Colección Historia Urgente, 1 | |
| 999 | |c 373362 |d 373360 | ||
| 952 | |0 0 |1 0 |3 erb |4 0 |6 323_000000000000000_BRI_2003 |7 0 |8 A |9 491440 |a BIBTEO |b BIBTEO |e Precht Pizarro, Jorge Enrique |i 5520223 |o 323 BRI 2003 |p 5520223 |r 2025-01-17 |w 2019-11-24 |y BK |z Catalogado en:20181207 |k ICR | ||